[Event "Aurora Summer op"]
[Site "Aurora CAN"]
[Date "2013.07.07"]
[Round "4.4"]
[White "Zotkin, Daniel"]
[Black "Song, Michael"]
[Result "0-1"]
[WhiteElo "1942"]
[BlackElo "2390"]
[PlyCount "88"]
[GameId "2160767909339149"]
[EventDate "2013.07.06"]
[EventType "swiss"]
[EventRounds "5"]
[EventCountry "CAN"]
[SourceTitle "EXT 2022"]
[Source "ChessBase"]
[SourceDate "2021.10.06"]
[SourceVersion "1"]
[SourceVersionDate "2021.10.06"]
[SourceQuality "1"]

1. e4 e5 2. Nf3 Nc6 3. Bb5 a6 4. Ba4 Nf6 5. d3 b5 6. Bb3 Bc5 7. c3 Bb6 8. O-O d6 9. Re1 h6 10. Nbd2 O-O 11. Nf1 Na5 12. Bc2 c5 13. Ng3 Re8 14. d4 cxd4 15. cxd4 Nc6 16. dxe5 Ng4 17. Nh1 Ngxe5 18. Nxe5 dxe5 19. Be3 Bd4 20. Bxd4 Nxd4 21. Ng3 Qb6 22. h3 Rd8 23. Bd3 Be6 24. Qh5 Nc6 25. Red1 Rd6 26. a3 Rad8 27. Bf1 Rd2 28. Qf3 Nd4 29. Qc3 Rc2 30. Qe3 Rxb2 31. Nf5 Bxf5 32. exf5 Qf6 33. Bd3 Nb3 34. Rab1 Rxb1 35. Rxb1 Nd4 36. Re1 Qg5 37. Qxg5 hxg5 38. Kf1 f6 39. g4 Rc8 40. a4 Rc3 41. Rd1 bxa4 42. Bxa6 a3 43. Kg2 Kf8 44. Rb1 Nc2 0-1

[Event "Aurora Summer op"]
[Site "Aurora CAN"]
[Date "2013.07.07"]
[Round "4.5"]
[White "Itkin, David"]
[Black "Chernik, Dmitry"]
[Result "0-1"]
[WhiteElo "2151"]
[BlackElo "1918"]
[PlyCount "61"]
[GameId "2160767909339150"]
[EventDate "2013.07.06"]
[EventType "swiss"]
[EventRounds "5"]
[EventCountry "CAN"]
[SourceTitle "EXT 2022"]
[Source "ChessBase"]
[SourceDate "2021.10.06"]
[SourceVersion "1"]
[SourceVersionDate "2021.10.06"]
[SourceQuality "1"]

1. e4 d5 2. exd5 Nf6 3. Bb5+ Bd7 4. Bxd7+ Nbxd7 5. c4 c6 6. dxc6 bxc6 7. Nf3 g6 8. b3 Nc5 9. d4 Qa5+ 10. Nfd2 Nd3+ 11. Kf1 Qf5 12. Nf3 Ng4 13. Be3 Bh6 14. Bxh6 Ndxf2 15. Qe2 Nxh1 16. Be3 Nxh2+ 17. Kg1 Ng3 18. Qf2 Nxf3+ 19. gxf3 Qh3 20. Qg2 Qxg2+ 21. Kxg2 Nf5 22. Bf4 Nxd4 23. Be5 Nc2 24. Bxh8 O-O-O 25. Bc3 Nxa1 26. Na3 Rd1 27. Kf2 h5 28. Be1 h4 29. Ke2 h3 30. Bg3 Rg1 31. Kf2 0-1

[Event "Aurora Summer op"]
[Site "Aurora CAN"]
[Date "2013.07.07"]
[Round "4.8"]
[White "Du, Digeng"]
[Black "Yu, Wenlu"]
[Result "1-0"]
[WhiteElo "2009"]
[BlackElo "2032"]
[PlyCount "127"]
[GameId "2160767909339151"]
[EventDate "2013.07.06"]
[EventType "swiss"]
[EventRounds "5"]
[EventCountry "CAN"]
[SourceTitle "EXT 2022"]
[Source "ChessBase"]
[SourceDate "2021.10.06"]
[SourceVersion "1"]
[SourceVersionDate "2021.10.06"]
[SourceQuality "1"]

1. Nf3 Nf6 2. c4 g6 3. Nc3 Bg7 4. g3 d5 5. cxd5 Nxd5 6. Bg2 c6 7. O-O O-O 8. d4 Na6 9. e4 Nb6 10. h3 Be6 11. Na4 Bc4 12. Re1 Nxa4 13. Qxa4 Bb5 14. Qb3 Nc7 15. a4 Ba6 16. Be3 Rc8 17. Rad1 e6 18. Bg5 Qe8 19. Bd2 Qd8 20. Bb4 Re8 21. Ne5 h6 22. Qf3 Qf6 23. Qe3 Qd8 24. Qf4 Qf6 25. Qc1 Qd8 26. Re3 Na8 27. Rc3 Nb6 28. b3 Nd7 29. Ng4 Kh7 30. Qf4 Be2 31. Rd2 Bxg4 32. hxg4 Qf6 33. Qe3 Qd8 34. e5 Nb6 35. Qf4 Qd7 36. Bd6 Kg8 37. g5 hxg5 38. Qxg5 Bf8 39. Bxf8 Rxf8 40. g4 f6 41. exf6 Qf7 42. Rf3 Nd5 43. Qe5 Qc7 44. Qxe6+ Qf7 45. Qxf7+ Kxf7 46. g5 Rh8 47. Re2 Rh5 48. Rg3 Rc7 49. Bxd5+ cxd5 50. f4 Rh4 51. Rf3 Rc1+ 52. Kg2 Rc7 53. Kg3 Rh1 54. Rfe3 Rc8 55. Re7+ Kf8 56. Rxb7 Rg1+ 57. Kf2 Rg4 58. Kf3 Rh4 59. Rbe7 Rc3+ 60. Kg2 Rg4+ 61. Kf2 Rxf4+ 62. Ke1 Rc1+ 63. Kd2 Rc8 64. Rh2 1-0

[Event "Aurora Summer op"]
[Site "Aurora CAN"]
[Date "2013.07.07"]
[Round "5.6"]
[White "Palanisamy, Selvakumar"]
[Black "Du, Digeng"]
[Result "0-1"]
[WhiteElo "2011"]
[BlackElo "2009"]
[PlyCount "63"]
[GameId "2160767909339155"]
[EventDate "2013.07.06"]
[EventType "swiss"]
[EventRounds "5"]
[EventCountry "CAN"]
[SourceTitle "EXT 2022"]
[Source "ChessBase"]
[SourceDate "2021.10.06"]
[SourceVersion "1"]
[SourceVersionDate "2021.10.06"]
[SourceQuality "1"]

1. d4 Nf6 2. c4 g6 3. Nc3 d5 4. Bf4 Bg7 5. e3 O-O 6. cxd5 Nxd5 7. Nxd5 Qxd5 8. Bxc7 Na6 9. Bxa6 Qxg2 10. Be2 Qxh1 11. Kd2 Qd5 12. Bf3 Qb5 13. Qb3 Qxb3 14. axb3 Re8 15. b4 e5 16. d5 e4 17. Bd1 Bd7 18. Kc2 Be5 19. d6 Bxh2 20. b5 Re5 21. b6 Rc5+ 22. Kb3 a5 23. Be2 Bxg1 24. Rxg1 a4+ 25. Ka3 Rc2 26. Bg4 f5 27. Bd1 Rc1 28. Kb4 Kg7 29. Rf1 h5 30. Ka3 h4 31. Rh1 Ra5 32. b4 0-1

[Event "Aurora Summer op"]
[Site "Aurora CAN"]
[Date "2013.07.07"]
[Round "5.8"]
[White "Yu, Wenlu"]
[Black "Chernik, Dmitry"]
[Result "1-0"]
[WhiteElo "2032"]
[BlackElo "1918"]
[PlyCount "54"]
[GameId "2160767909339156"]
[EventDate "2013.07.06"]
[EventType "swiss"]
[EventRounds "5"]
[EventCountry "CAN"]
[SourceTitle "EXT 2022"]
[Source "ChessBase"]
[SourceDate "2021.10.06"]
[SourceVersion "1"]
[SourceVersionDate "2021.10.06"]
[SourceQuality "1"]

1. e4 d6 2. d4 Nf6 3. Bd3 e5 4. c3 Be7 5. Ne2 O-O 6. O-O c6 7. Kh1 Nh5 8. Nd2 f5 9. exf5 exd4 10. Nxd4 Nf4 11. Bc2 c5 12. Ne6 Bxe6 13. fxe6 Nc6 14. Nf3 Qe8 15. Ng1 Rd8 16. g3 Nh5 17. f4 Nf6 18. Nh3 Qh5 19. Qxh5 Nxh5 20. Be3 g6 21. Rad1 Ng7 22. g4 d5 23. f5 d4 24. Bg5 gxf5 25. gxf5 d3 26. Rxd3 Nxe6 27. Rxd8 Bxd8 1-0

[Event "Battle of Alberta"]
[Site "Red Deer CAN"]
[Date "2013.09.07"]
[Round "1.3"]
[White "Haessel, Dale"]
[Black "Pechenkin, Vladimir"]
[Result "1/2-1/2"]
[WhiteElo "2200"]
[BlackElo "2335"]
[PlyCount "47"]
[GameId "2160767909229484"]
[EventDate "2013.09.07"]
[EventType "team-match"]
[EventRounds "2"]
[EventCountry "CAN"]
[SourceTitle "EXT 2022"]
[Source "ChessBase"]
[SourceDate "2021.10.06"]
[SourceVersion "1"]
[SourceVersionDate "2021.10.06"]
[SourceQuality "1"]

1. Nf3 e6 2. c4 f5 3. d4 Nf6 4. Qc2 Be7 5. g3 O-O 6. Bg2 d6 7. b3 Ne4 8. Nbd2 Nxd2 9. Bxd2 Bf6 10. e4 Nc6 11. Bc3 e5 12. dxe5 dxe5 13. Rd1 Qe8 14. O-O Qh5 15. Rfe1 f4 16. gxf4 Bh3 17. Bxh3 Qxh3 18. fxe5 Be7 19. Nd4 Nxd4 20. Bxd4 Qg4+ 21. Kf1 Qh3+ 22. Kg1 Qg4+ 23. Kf1 Qh3+ 24. Kg1 1/2-1/2

[Event "Battle of Alberta"]
[Site "Red Deer CAN"]
[Date "2013.09.07"]
[Round "1.4"]
[White "Valencia, Belsar"]
[Black "Rekhson, Vladislav"]
[Result "1-0"]
[WhiteElo "2220"]
[BlackElo "2112"]
[PlyCount "69"]
[GameId "2160767909229485"]
[EventDate "2013.09.07"]
[EventType "team-match"]
[EventRounds "2"]
[EventCountry "CAN"]
[SourceTitle "EXT 2022"]
[Source "ChessBase"]
[SourceDate "2021.10.06"]
[SourceVersion "1"]
[SourceVersionDate "2021.10.06"]
[SourceQuality "1"]

1. c4 e5 2. Nc3 Nf6 3. Nf3 Nc6 4. g3 d5 5. cxd5 Nxd5 6. Bg2 Be6 7. O-O Be7 8. d4 exd4 9. Nb5 Nb6 10. Bf4 Nd5 11. Nfxd4 Nxf4 12. gxf4 Nxd4 13. Nxd4 O-O 14. Bxb7 Bh3 15. Nc6 Qd6 16. Qxd6 Bxd6 17. Bxa8 Bxf1 18. Kxf1 Rxa8 19. e3 a5 20. a4 Ra6 21. Rc1 Kf8 22. b3 Ke8 23. Ke2 h6 24. h3 Ra8 25. Kd3 Kd7 26. Kd4 g6 27. Kd5 f6 28. Rg1 g5 29. h4 gxf4 30. Rg7+ Kc8 31. Rg8+ Kb7 32. Rxa8 Kxa8 33. h5 f5 34. exf4 Bxf4 35. Nxa5 1-0

[Event "Battle of Alberta"]
[Site "Red Deer CAN"]
[Date "2013.09.07"]
[Round "1.5"]
[White "Kostadinov, George"]
[Black "Gardner, Robert"]
[Result "1-0"]
[WhiteElo "2116"]
[BlackElo "2182"]
[PlyCount "97"]
[GameId "2160767909229486"]
[EventDate "2013.09.07"]
[EventType "team-match"]
[EventRounds "2"]
[EventCountry "CAN"]
[SourceTitle "EXT 2022"]
[Source "ChessBase"]
[SourceDate "2021.10.06"]
[SourceVersion "1"]
[SourceVersionDate "2021.10.06"]
[SourceQuality "1"]

1. d4 Nf6 2. c4 e6 3. Nf3 b6 4. g3 Ba6 5. Qc2 c5 6. Bg2 Bb7 7. e3 cxd4 8. exd4 d5 9. O-O Be7 10. Ne5 O-O 11. Nc3 Nc6 12. Rd1 Rc8 13. Qa4 Na5 14. Bf4 a6 15. Rac1 Nxc4 16. Nxc4 Rxc4 17. Qb3 b5 18. a4 Rb4 19. Qa2 bxa4 20. Nxa4 Ne4 21. Bxe4 dxe4 22. Nc5 Bd5 23. Qxa6 Rxb2 24. Rb1 Ra2 25. Qf1 Bg5 26. Rb8 Qe7 27. Rxf8+ Kxf8 28. Nd7+ Kg8 29. Rc1 g6 30. Rc8+ Kg7 31. Be5+ f6 32. Nxf6 Bxf6 33. Rc7 Qxc7 34. Bxc7 Bxd4 35. Qb5 Ra1+ 36. Kg2 e3+ 37. f3 e2 38. Qd7+ Kh6 39. Bd6 Ra7 40. Bf8+ Kg5 41. h4+ Kf5 42. g4+ Kf4 43. Bh6+ g5 44. Bxg5+ Ke5 45. Qd8 e1=N+ 46. Kg3 Bf2+ 47. Kxf2 Nd3+ 48. Ke3 Rb7 49. Bf6# 1-0

[Event "Battle of Alberta"]
[Site "Red Deer CAN"]
[Date "2013.09.07"]
[Round "1.6"]
[White "Pua, Richard"]
[Black "Ng, Gary"]
[Result "0-1"]
[WhiteElo "2006"]
[BlackElo "2127"]
[PlyCount "94"]
[GameId "2160767909229487"]
[EventDate "2013.09.07"]
[EventType "team-match"]
[EventRounds "2"]
[EventCountry "CAN"]
[SourceTitle "EXT 2022"]
[Source "ChessBase"]
[SourceDate "2021.10.06"]
[SourceVersion "1"]
[SourceVersionDate "2021.10.06"]
[SourceQuality "1"]

1. e4 b6 2. d4 Bb7 3. Bd3 Nf6 4. Qe2 Nc6 5. c3 e5 6. d5 Ne7 7. Nf3 d6 8. c4 g6 9. Nc3 Bg7 10. h3 O-O 11. Be3 Nd7 12. Qd2 Nc5 13. Bc2 a5 14. Bh6 f5 15. Bxg7 Kxg7 16. Qe2 Bc8 17. Nd2 fxe4 18. Ndxe4 Nf5 19. Nxc5 Nd4 20. Qd2 bxc5 21. O-O-O Rb8 22. Be4 Rb4 23. Bd3 Ba6 24. Nb5 Bxb5 25. cxb5 c4 26. Bc2 Rxb5 27. Be4 Qb8 28. Rhe1 a4 29. Re3 Qb6 30. Rc3 c6 31. dxc6 d5 32. Bf3 Qxc6 33. Qg5 Qf6 34. Qxf6+ Rxf6 35. Ra3 Nxf3 36. gxf3 Rc5 37. Re1 d4 38. Re4 g5 39. h4 h6 40. hxg5 hxg5 41. Kd1 Rb6 42. Kc1 Rb4 43. Rg4 Kf6 44. Re4 Kf5 45. Rg4 Rcb5 46. b3 axb3 47. axb3 Rxb3 0-1

[Event "Battle of Alberta"]
[Site "Red Deer CAN"]
[Date "2013.09.07"]
[Round "1.7"]
[White "Ebrahim Shirazi, Behrooz"]
[Black "Sequillion, Aaron"]
[Result "0-1"]
[WhiteElo "2084"]
[BlackElo "2000"]
[PlyCount "82"]
[GameId "2160767909229488"]
[EventDate "2013.09.07"]
[EventType "team-match"]
[EventRounds "2"]
[EventCountry "CAN"]
[SourceTitle "EXT 2022"]
[Source "ChessBase"]
[SourceDate "2021.10.06"]
[SourceVersion "1"]
[SourceVersionDate "2021.10.06"]
[SourceQuality "1"]

1. d4 Nf6 2. c4 g6 3. Nc3 Bg7 4. e4 d6 5. Be2 O-O 6. Bg5 Nbd7 7. Qc1 c5 8. d5 Qa5 9. Bd2 Qb6 10. Qc2 e6 11. Nf3 exd5 12. exd5 Ng4 13. O-O Nde5 14. Ne1 Bf5 15. Qc1 Rfe8 16. h3 Nf6 17. f4 Ned7 18. g4 Ne4 19. gxf5 Nxc3 20. Bxc3 Rxe2 21. Bxg7 Kxg7 22. Qc3+ Nf6 23. Nd3 Rae8 24. fxg6 hxg6 25. f5 g5 26. Rf3 R8e3 27. Rxe3 Rxe3 28. Qd2 Rg3+ 29. Kf1 Ne4 30. Qe2 Rxd3 31. f6+ Kh6 32. Qxd3 Qxb2 33. Qxe4 Qxa1+ 34. Kg2 Qxa2+ 35. Kg3 Qb3+ 36. Kg2 Qb2+ 37. Kg3 Qxf6 38. Kg2 a5 39. Qb1 Qe7 40. Qb3 Qe2+ 41. Kg3 f5 0-1

[Event "Battle of Alberta"]
[Site "Red Deer CAN"]
[Date "2013.09.07"]
[Round "1.8"]
[White "Hughey, Micah"]
[Black "Booker, Brad"]
[Result "1-0"]
[WhiteElo "2057"]
[BlackElo "2037"]
[PlyCount "79"]
[GameId "2160767909229489"]
[EventDate "2013.09.07"]
[EventType "team-match"]
[EventRounds "2"]
[EventCountry "CAN"]
[SourceTitle "EXT 2022"]
[Source "ChessBase"]
[SourceDate "2021.10.06"]
[SourceVersion "1"]
[SourceVersionDate "2021.10.06"]
[SourceQuality "1"]

1. e4 c6 2. d4 d5 3. exd5 cxd5 4. c4 Nf6 5. Nc3 Nc6 6. Nf3 Be6 7. c5 g6 8. Bb5 Bg7 9. Ne5 Bd7 10. O-O O-O 11. Bf4 Nh5 12. Nxd7 Qxd7 13. Be5 f6 14. Bg3 Nxg3 15. hxg3 f5 16. Qd2 Rad8 17. Rad1 e6 18. Rfe1 Qf7 19. Bxc6 bxc6 20. f4 Rb8 21. Ne2 a5 22. Qc3 Rb5 23. Kf1 Rfb8 24. Rd2 Rb4 25. Ng1 h6 26. Nf3 Kh7 27. Rde2 Qb7 28. Rxe6 Rxb2 29. Re7 Qa6+ 30. Kg1 Rxa2 31. Rxg7+ Kxg7 32. Re7+ Kg8 33. Qe1 Qc8 34. Qe5 Qf8 35. Qe6+ Kh8 36. Nh4 Qxe7 37. Qxe7 Rb1+ 38. Kh2 Raa1 39. Nxg6+ Kg8 40. Qf8+ 1-0

[Event "Battle of Alberta"]
[Site "Red Deer CAN"]
[Date "2013.09.07"]
[Round "1.9"]
[White "Tam, Eric"]
[Black "Miller, David"]
[Result "1-0"]
[WhiteElo "2065"]
[BlackElo "1995"]
[PlyCount "67"]
[GameId "2160767909229490"]
[EventDate "2013.09.07"]
[EventType "team-match"]
[EventRounds "2"]
[EventCountry "CAN"]
[SourceTitle "EXT 2022"]
[Source "ChessBase"]
[SourceDate "2021.10.06"]
[SourceVersion "1"]
[SourceVersionDate "2021.10.06"]
[SourceQuality "1"]

1. e4 c5 2. Nf3 d6 3. d4 Nf6 4. Nc3 cxd4 5. Nxd4 a6 6. Be3 Ng4 7. Bc1 Nf6 8. f3 Qb6 9. Nb3 Nc6 10. g4 e6 11. Qe2 Be7 12. Be3 Qc7 13. O-O-O b5 14. h4 Ne5 15. g5 Nfd7 16. f4 Nc4 17. Bd4 O-O 18. h5 d5 19. exd5 Qxf4+ 20. Kb1 e5 21. d6 Bxd6 22. Qg2 Rb8 23. Nd5 Qf5 24. Bd3 Qe6 25. Qe4 g6 26. Bc3 Bb7 27. hxg6 Bxd5 28. Qh4 Rfd8 29. Qxh7+ Kf8 30. g7+ Ke7 31. Bf5 Be4 32. Bxe4 Qg4 33. Rdg1 Qe6 34. Rh6 1-0

[Event "Battle of Alberta"]
[Site "Red Deer CAN"]
[Date "2013.09.07"]
[Round "1.10"]
[White "Ottosen, David"]
[Black "Shi, Diwen"]
[Result "0-1"]
[WhiteElo "2118"]
[BlackElo "1892"]
[PlyCount "126"]
[GameId "2160767909229491"]
[EventDate "2013.09.07"]
[EventType "team-match"]
[EventRounds "2"]
[EventCountry "CAN"]
[SourceTitle "EXT 2022"]
[Source "ChessBase"]
[SourceDate "2021.10.06"]
[SourceVersion "1"]
[SourceVersionDate "2021.10.06"]
[SourceQuality "1"]

1. e4 c5 2. Nf3 d6 3. d4 cxd4 4. Nxd4 Nf6 5. Nc3 g6 6. Bg5 Bg7 7. Bb5+ Bd7 8. Qe2 a6 9. Bxd7+ Nbxd7 10. O-O-O Qa5 11. f4 Rc8 12. Nb3 Qc7 13. Rhe1 h6 14. Bh4 e6 15. Qd2 Nh5 16. e5 dxe5 17. fxe5 Bxe5 18. Rxe5 Nxe5 19. Qd4 g5 20. Re1 f6 21. Bf2 Kf7 22. Kb1 Qc4 23. Qd1 Qg4 24. Ne4 Rcd8 25. Nd6+ Kg6 26. Bb6 Qb4 27. Bc5 Qa4 28. c3 Qc6 29. Qc2+ Kg7 30. Nd4 Qd7 31. g3 b6 32. Ba3 Kg8 33. Qe2 Ng7 34. Ne4 Qf7 35. Qxa6 Kh7 36. Qxb6 Rb8 37. Qa6 Rhc8 38. Qf1 Ne8 39. Qh3 Rb6 40. Ka1 Ra8 41. Rf1 Qg6 42. Nc5 Ng7 43. Qg2 Rd8 44. Ne4 f5 45. Be7 Rdb8 46. Nf6+ Kh8 47. Qe2 Nc6 48. Nxc6 Rxc6 49. Qe5 Rb7 50. Rd1 Rc8 51. Bd6 Re7 52. Ba3 Rf7 53. Nd7 f4 54. gxf4 gxf4 55. Nb6 Rg8 56. Bc5 Rf5 57. Qd6 f3 58. Bf2 Qg2 59. Qd4 e5 60. Qe3 Kh7 61. Nd5 Rd8 62. a3 Rxd5 63. Rxd5 Qf1+ 0-1

[Event "Battle of Alberta"]
[Site "Red Deer CAN"]
[Date "2013.09.07"]
[Round "1.11"]
[White "Daniluk, Jim"]
[Black "Kalisvaart, Peter"]
[Result "0-1"]
[WhiteElo "1951"]
[BlackElo "2096"]
[PlyCount "48"]
[GameId "2160767909229492"]
[EventDate "2013.09.07"]
[EventType "team-match"]
[EventRounds "2"]
[EventCountry "CAN"]
[SourceTitle "EXT 2022"]
[Source "ChessBase"]
[SourceDate "2021.10.06"]
[SourceVersion "1"]
[SourceVersionDate "2021.10.06"]
[SourceQuality "1"]

1. e4 e5 2. Nf3 Nc6 3. Bb5 Nd4 4. Nxd4 exd4 5. O-O c6 6. Ba4 Nf6 7. d3 d5 8. Nd2 Be7 9. Bb3 O-O 10. h3 b5 11. Re1 dxe4 12. Nxe4 Nxe4 13. dxe4 Be6 14. Bxe6 fxe6 15. Qg4 Qd7 16. Bh6 Bb4 17. Red1 Qf7 18. Rd3 Qxf2+ 19. Kh1 Qf6 20. Bg5 Qe5 21. g3 Rf2 22. Rad1 h5 23. Qh4 Raf8 24. Rxd4 Qxd4 0-1

[Event "Battle of Alberta"]
[Site "Red Deer CAN"]
[Date "2013.09.07"]
[Round "1.12"]
[White "Willis, Bradley"]
[Black "Gold, Itohan"]
[Result "1/2-1/2"]
[WhiteElo "2029"]
[BlackElo "2032"]
[PlyCount "47"]
[GameId "2160767909229493"]
[EventDate "2013.09.07"]
[EventType "team-match"]
[EventRounds "2"]
[EventCountry "CAN"]
[SourceTitle "EXT 2022"]
[Source "ChessBase"]
[SourceDate "2021.10.06"]
[SourceVersion "1"]
[SourceVersionDate "2021.10.06"]
[SourceQuality "1"]

1. e4 Nf6 2. e5 Nd5 3. d4 d6 4. Nf3 Bg4 5. Be2 e6 6. O-O Be7 7. c4 Nb6 8. exd6 cxd6 9. Nc3 O-O 10. b3 Nc6 11. Be3 d5 12. h3 Bxf3 13. Bxf3 dxc4 14. d5 Nxd5 15. Nxd5 exd5 16. Bxd5 cxb3 17. Qxb3 Na5 18. Qd3 b6 19. Qe4 Rc8 20. Rfd1 Qc7 21. Bf4 Qc5 22. Rac1 Qb4 23. Bxf7+ Kh8 24. Qxb4 1/2-1/2

[Event "Battle of Alberta"]
[Site "Red Deer CAN"]
[Date "2013.09.07"]
[Round "2.3"]
[White "Pechenkin, Vladimir"]
[Black "Haessel, Dale"]
[Result "1-0"]
[WhiteElo "2335"]
[BlackElo "2200"]
[PlyCount "51"]
[GameId "2160767909229496"]
[EventDate "2013.09.07"]
[EventType "team-match"]
[EventRounds "2"]
[EventCountry "CAN"]
[SourceTitle "EXT 2022"]
[Source "ChessBase"]
[SourceDate "2021.10.06"]
[SourceVersion "1"]
[SourceVersionDate "2021.10.06"]
[SourceQuality "1"]

1. Nf3 Nf6 2. g3 g6 3. b3 Bg7 4. Bb2 O-O 5. Bg2 c5 6. c4 Nc6 7. O-O d5 8. cxd5 Nxd5 9. Bxg7 Kxg7 10. d4 Qb6 11. e4 Nf6 12. d5 Nd4 13. Nxd4 cxd4 14. Na3 e5 15. Nc4 Qc7 16. a4 Nh5 17. f4 exf4 18. Qxd4+ f6 19. d6 Qd7 20. gxf4 Qg4 21. e5 Be6 22. Ne3 Qh4 23. Rac1 Bxb3 24. Bxb7 Rad8 25. Ng2 fxe5 26. Qxa7 1-0

[Event "Battle of Alberta"]
[Site "Red Deer CAN"]
[Date "2013.09.07"]
[Round "2.4"]
[White "Rekhson, Vladislav"]
[Black "Valencia, Belsar"]
[Result "1/2-1/2"]
[WhiteElo "2112"]
[BlackElo "2220"]
[PlyCount "46"]
[GameId "2160767909229497"]
[EventDate "2013.09.07"]
[EventType "team-match"]
[EventRounds "2"]
[EventCountry "CAN"]
[SourceTitle "EXT 2022"]
[Source "ChessBase"]
[SourceDate "2021.10.06"]
[SourceVersion "1"]
[SourceVersionDate "2021.10.06"]
[SourceQuality "1"]

1. e4 c5 2. c3 Nf6 3. e5 Nd5 4. Nf3 Nc6 5. Bc4 Nb6 6. Bb3 d5 7. exd6 Qxd6 8. O-O Be6 9. a4 c4 10. Bc2 g6 11. d4 cxd3 12. Bxd3 Rd8 13. Be2 Qc7 14. Qc2 Bg7 15. Qe4 Bf5 16. Qh4 h6 17. Na3 a6 18. Nc4 Bf6 19. Qf4 Qxf4 20. Bxf4 Nxc4 21. Bxc4 g5 22. Be3 Bd3 23. Bxd3 Rxd3 1/2-1/2

[Event "Battle of Alberta"]
[Site "Red Deer CAN"]
[Date "2013.09.07"]
[Round "2.5"]
[White "Gardner, Robert"]
[Black "Kostadinov, George"]
[Result "1-0"]
[WhiteElo "2182"]
[BlackElo "2116"]
[PlyCount "87"]
[GameId "2160767909229498"]
[EventDate "2013.09.07"]
[EventType "team-match"]
[EventRounds "2"]
[EventCountry "CAN"]
[SourceTitle "EXT 2022"]
[Source "ChessBase"]
[SourceDate "2021.10.06"]
[SourceVersion "1"]
[SourceVersionDate "2021.10.06"]
[SourceQuality "1"]

1. d4 d5 2. c4 c6 3. Nf3 Nf6 4. Nc3 Bf5 5. cxd5 cxd5 6. Qb3 Nc6 7. Qxb7 Na5 8. Qb5+ Bd7 9. Qd3 e6 10. Ne5 Bb4 11. Bg5 Rc8 12. e3 Nc4 13. Nxc4 Rxc4 14. Rc1 Qa5 15. Bxf6 gxf6 16. a3 Bxc3+ 17. Rxc3 O-O 18. b4 Rxc3 19. Qxc3 Qa4 20. Bd3 Rc8 21. Qb2 Bb5 22. Bxb5 Qxb5 23. Kd2 a5 24. Rb1 Rc4 25. bxa5 Qxa5+ 26. Ke2 Qa6 27. Kf3 Kg7 28. Qb8 h6 29. Qg3+ Kh7 30. Rb8 Rc8 31. Rxc8 Qxc8 32. Qd6 Qc2 33. h3 Qe4+ 34. Kg3 Kg7 35. a4 e5 36. a5 exd4 37. exd4 Qd3+ 38. Kh2 Qxd4 39. a6 f5 40. Qg3+ Kf6 41. Qe3 Qa1 42. Qb6+ Kg7 43. a7 Qa4 44. Qb8 1-0

[Event "Battle of Alberta"]
[Site "Red Deer CAN"]
[Date "2013.09.07"]
[Round "2.6"]
[White "Ng, Gary"]
[Black "Pua, Richard"]
[Result "1/2-1/2"]
[WhiteElo "2127"]
[BlackElo "2006"]
[PlyCount "73"]
[GameId "2160767909229499"]
[EventDate "2013.09.07"]
[EventType "team-match"]
[EventRounds "2"]
[EventCountry "CAN"]
[SourceTitle "EXT 2022"]
[Source "ChessBase"]
[SourceDate "2021.10.06"]
[SourceVersion "1"]
[SourceVersionDate "2021.10.06"]
[SourceQuality "1"]

1. b4 Nf6 2. Bb2 e6 3. a3 b6 4. e3 c5 5. bxc5 bxc5 6. Qf3 Nc6 7. Bxf6 Qxf6 8. Qxf6 gxf6 9. c4 f5 10. Nc3 Rb8 11. O-O-O Bg7 12. Kc2 a6 13. Nf3 O-O 14. Be2 Bb7 15. Rb1 Ne5 16. Nxe5 Bxe5 17. Bf3 Bxf3 18. gxf3 Rxb1 19. Rxb1 Rb8 20. Rg1+ Kf8 21. Na4 d6 22. h4 Bf6 23. h5 h6 24. f4 Ke7 25. f3 Kd7 26. Nc3 Ke7 27. d3 Bxc3 28. Kxc3 Kf6 29. d4 a5 30. Kc2 a4 31. Rb1 Rxb1 32. Kxb1 Ke7 33. Kc2 f6 34. Kd3 e5 35. dxc5 dxc5 36. fxe5 fxe5 37. f4 1/2-1/2

[Event "Battle of Alberta"]
[Site "Red Deer CAN"]
[Date "2013.09.07"]
[Round "2.7"]
[White "Sequillion, Aaron"]
[Black "Ebrahim Shirazi, Behrooz"]
[Result "0-1"]
[WhiteElo "2000"]
[BlackElo "2084"]
[PlyCount "70"]
[GameId "2160767909229500"]
[EventDate "2013.09.07"]
[EventType "team-match"]
[EventRounds "2"]
[EventCountry "CAN"]
[SourceTitle "EXT 2022"]
[Source "ChessBase"]
[SourceDate "2021.10.06"]
[SourceVersion "1"]
[SourceVersionDate "2021.10.06"]
[SourceQuality "1"]

1. e4 e6 2. b3 c5 3. Nf3 Nc6 4. Bb2 d6 5. c4 Nf6 6. Nc3 Nd4 7. d3 Be7 8. g3 O-O 9. Bg2 a6 10. O-O Rb8 11. Nxd4 cxd4 12. Ne2 e5 13. h3 Ne8 14. f4 f5 15. exf5 Bxf5 16. g4 Bd7 17. Bd5+ Kh8 18. fxe5 dxe5 19. Rxf8+ Bxf8 20. Ng3 Qh4 21. Kg2 Nf6 22. Qe1 Nxd5 23. cxd5 Qe7 24. Qe4 Rc8 25. Rc1 Rxc1 26. Bxc1 Kg8 27. Nf5 Qf6 28. Bd2 g6 29. Nh6+ Bxh6 30. Bxh6 g5 31. Kg3 Qxh6 32. Qxe5 Qg6 33. Qxd4 Qd6+ 34. Kf3 Bc6 35. Ke4 Qf4# 0-1

[Event "Battle of Alberta"]
[Site "Red Deer CAN"]
[Date "2013.09.07"]
[Round "2.8"]
[White "Booker, Brad"]
[Black "Hughey, Micah"]
[Result "0-1"]
[WhiteElo "2037"]
[BlackElo "2057"]
[PlyCount "118"]
[GameId "2160767909229501"]
[EventDate "2013.09.07"]
[EventType "team-match"]
[EventRounds "2"]
[EventCountry "CAN"]
[SourceTitle "EXT 2022"]
[Source "ChessBase"]
[SourceDate "2021.10.06"]
[SourceVersion "1"]
[SourceVersionDate "2021.10.06"]
[SourceQuality "1"]

1. Nf3 d5 2. g3 Bg4 3. Bg2 Nd7 4. d3 c6 5. Nbd2 Ngf6 6. h3 Bh5 7. b3 e5 8. e4 Bb4 9. Qe2 Bc3 10. Rb1 O-O 11. O-O Re8 12. b4 Qe7 13. a3 a5 14. bxa5 Nc5 15. g4 dxe4 16. Nxe4 Nfxe4 17. gxh5 Nd6 18. Bg5 f6 19. Be3 Na4 20. Rb3 Bxa5 21. c4 Nf5 22. Nh2 Nh4 23. Kh1 Nxg2 24. Kxg2 f5 25. Rg1 f4 26. Bc1 Nc5 27. Rb1 Rad8 28. Rd1 e4 29. Bxf4 Nxd3 30. Be3 Rf8 31. Qg4 Qf7 32. Rf1 Rde8 33. Kh1 Ne5 34. Qxe4 Nxc4 35. Qg2 Nxa3 36. Ra1 Bb4 37. h6 g6 38. Qg4 Nc2 39. Rab1 Bd6 40. Qa4 Qd5+ 41. Kg1 Nxe3 42. fxe3 Bxh2+ 43. Kxh2 Qd2+ 44. Kh1 Rxf1+ 45. Rxf1 Qxe3 46. Qa2+ Qe6 47. Qh2 Qe4+ 48. Kg1 Qe3+ 49. Kh1 Qxh6 50. Qa2+ Kh8 51. Qa3 Qg7 52. Qf3 h6 53. Qb3 b5 54. Qc2 Re3 55. Qxc6 Rxh3+ 56. Kg2 Re3 57. Qxb5 Qc7 58. Qb2+ Qe5 59. Qf2 Re2 0-1